logo

Bir Sreshtho Munshi Abdur Rouf Library
Jhenaidah Cadet College

সম্ভাবনার অর্থনীতি / (Record no. 814)

MARC details
000 -LEADER
fixed length control field 00638nam a22002297a 4500
001 - CONTROL NUMBER
JCCL Control Number 814
003 - CONTROL NUMBER IDENTIFIER
JCCL marc code BD-JhCC
005 - DATE AND TIME OF LATEST TRANSACTION
control field 20171010171513.0
008 - FIXED-LENGTH DATA ELEMENTS--GENERAL INFORMATION
fixed length control field 171010s2011 bg |||| ||a| 00| 0 ben d
020 ## - INTERNATIONAL STANDARD BOOK NUMBER
International Standard Book Number 9789845020091
035 ## - SYSTEM CONTROL NUMBER
system control number (BD-JhCC)814
040 ## - CATALOGING SOURCE
Original cataloging agency BD-JhCC
Modifying agency BD-JhCC
041 ## - LANGUAGE CODE
Language code of Book ben
082 ## - DEWEY DECIMAL CLASSIFICATION NUMBER
DDC Edition number 22
Classification number 330
Author mark and Year ROS 2001
100 ## - MAIN ENTRY--PERSONAL NAME
Personal name রশীদ, মামুন
245 ## - TITLE STATEMENT
Title সম্ভাবনার অর্থনীতি /
Statement of responsibility, etc মামুন রশীদ
260 ## - PUBLICATION, DISTRIBUTION, ETC. (IMPRINT)
Place of publication, distribution, etc ঢাকা :
Name of publisher, distributor, etc অন্য প্রকাশ,
Date of publication, distribution, etc 2011
300 ## - PHYSICAL DESCRIPTION
Pagination 70 p. :
Dimensions 21 cm.
650 ## - SUBJECT ADDED ENTRY--TOPICAL TERM
Topical term or geographic name as entry element Economics
942 ## - ADDED ENTRY ELEMENTS (KOHA)
Source of classification or shelving scheme Dewey Decimal Classification
Koha item type Books
Holdings
Source of classification or shelving scheme Damaged status Not for loan Home library Current library Date of accession Cost, normal purchase price Total Checkouts Full call number Barcode Date last seen Copy number Koha item type
Dewey Decimal Classification     JCC Rouf Library JCC Rouf Library 10/10/2017 150.00   330 ROS 2001 1762 10/10/2017 C-1 Books

JCC Library | Contacts | JCC Home

Last Update on 23 September 2017
Copyright @ 2017-2020 JCC Rouf Library
Rouf Library, Jhenidah Cadet College (JCC), Bangladesh